000
00271nam a2200109Ia 4500
008
221009s9999 xx 000 0 und d
082
_a
823/NAV
100
_a
Naval Deepti
_9
36217
245
4
_a
The Mad Tibetan Stories From Then And Now
260
_b
Amaryllis
942
_c
BK
999
_c
64580
_d
64580